000
00306nam a22001217a 4500
082
_a
297 KHA
100
_a
DR.C.M.ANWAR KHAN
_9
66912
245
_a
ISLAMIC REALISM AND 21ST CENTURY
260
_a
ISLAMABAD
_b
HAQUE
_c
1991
300
_a
255P
650
_a
ISLAMIC REALISM AND 21ST CENTURY
_9
66913
942
_c
BK
999
_c
574775
_d
574775